Polyfunkčný dom v Slivenci - Praha

Salvato in:
Dettagli Bibliografici
Autore principale: Naňo, Petra (Autore)
Altri autori: Ruhig, Roman (Relatore della tesi)
Natura: Manoscritto Libro
Lingua:slovacco
Pubblicazione: 2020
Soggetti:
Accesso online:http://is.stuba.sk/zp/portal_zp.pl?podrobnosti=124579
Tags: Aggiungi Tag
Nessun Tag, puoi essere il primo ad aggiungerne!!

MARC

LEADER 00000ntm a22000003a 4500
001 stuzp72666
003 SK-STU
005 20200620210258.3
007 ta
008 150427s2015----xo-----f-mn---000-0-slo-d
040 |a STU  |b slo 
041 0 |a slo 
100 1 |a Naňo, Petra  |u 010310  |4 aut  |U SvF Stavebná fakulta  |T SvF Katedra architektúry  |X 80916  |U V181|V310  |Y 19  |7 80916 
242 0 1 |a Multifunctional house in Slivenec - Praha  |y eng 
245 1 0 |a Polyfunkčný dom v Slivenci - Praha 
260 |c 2020 
650 4 |a Praha  |2 slo 
650 4 |a Slivenec  |2 slo 
650 4 |a Polyfunkčný dom  |2 slo 
650 4 |a Bývanie  |2 slo 
650 4 |a Komunita  |2 slo 
650 4 |a Spoločenská sála  |2 slo 
650 4 |a Knižnica  |2 slo 
650 4 |a Prague  |2 eng 
650 4 |a Slivenec  |2 eng 
650 4 |a Multifunctional house  |2 eng 
650 4 |a Housing  |2 eng 
650 4 |a Community  |2 eng 
650 4 |a Social hall  |2 eng 
650 4 |a Library  |2 eng 
700 1 |a Ruhig, Roman  |u 010310  |k Z3  |4 ths  |U SvF Stavebná fakulta  |T SvF Katedra architektúry  |X 7452  |U V181|V310  |Y 19  |7 A000007452 
856 4 |u http://is.stuba.sk/zp/portal_zp.pl?podrobnosti=124579